[Event "Match \"]
[Site "masterchessopen.com – Budapest (Hungary)"]
[Round "0"]
[White "Keres Paul (EST)"]
[Black "Szabo Laszlo (HUN)"]
[Result "1-0"]
[WhiteElo "2580"]
[BlackElo "1903"]

1.e4 c5 2.Nf3 d6 3.d4 cxd4 4.Nxd4 Nf6 5.Nc3 Nc6 6.Bg5 e6 7.Qd2 Be7 8.O-O-O O-O
9.f4 a6 10.e5 { ! } 10...dxe5 11.Nxc6 bxc6 ( 11...Qxd2+ 12.Rxd2 bxc6 13.fxe5
Nd5 14.Bxe7 Nxe7 15.Bd3 { ! ± } ) 12.fxe5 ( 12.Qxd8 Rxd8 13.Rxd8+ Bxd8 14.fxe5
h6 15.Bh4 g5 ) 12...Nd7 ( 12...Nd5 13.Bxe7 Qxe7 14.Ne4 { ± } ) 13.h4 { ! }
13...Rb8 14.Qe3 Re8 15.Rh3 Qa5 ( 15...Qb6 16.Qxb6 Rxb6 17.Bxe7 Rxe7 18.Rhd3 {
± } ) 16.Bxe7 Rxe7 17.Rg3 Re8 ( 17...Kf8 18.Re1 h6 19.Qe4 { ! } 19...Qb4
20.Qh7 { ! } 20...Qxb2+ 21.Kd2 { ± } ) ( 17...g6 18.h5 Qxe5 19.Qxe5 Nxe5
20.Rd8+ Kg7 21.Ne4 { ! ± } ) 18.Rxd7 { ! } 18...Bxd7 19.Bd3 h6 ( 19...Qb4
20.Qg5 Qxb2+ 21.Kd2 g6 22.h5 { +?? } ) 20.Qf4 { +?? } ( 20.Qe4 { +?? } )
20...Kf8 21.Rxg7 { ! } 21...Kxg7 22.Qf6+ Kf8 ( 22...Kg8 23.Qxh6 f5 24.exf6 {
+?? } ) 23.Bg6 {#r} 1-0

[Event "Ch URS (1/2 final)"]
[Site "masterchessopen.com – Gorky (Russia)"]
[Round "18"]
[White "Novopashin Arkady (RUS)"]
[Black "Mikenas Vladas I (EST)"]
[Result "0-1"]
[WhiteElo "2387"]
[BlackElo "2405"]

1.e4 c5 2.Nf3 Nc6 3.d4 cxd4 4.Nxd4 Nf6 5.Nc3 d6 6.Bg5 e6 7.Qd2 Be7 8.O-O-O O-O
9.f4 e5 10.Nf3 Bg4 11.h3 Bxf3 12.gxf3 Nd4 13.Qg2 Rc8 14.Rg1 g6 15.Bd3 Ne6
16.fxe5 dxe5 17.f4 Rxc3 18.bxc3 Qa5 19.Kd2 exf4 20.h4 Rc8 21.Ke1 Qxc3+ 22.Kf1
Nh5 23.Qg4 Bc5 24.Rg2 Ng3+ 25.Rxg3 fxg3 26.Qxg3 Nxg5 27.hxg5 Re8 28.Qf4 Bb6
29.Ke2 Qe5 30.Kf3 Qc5 31.Rf1 Re5 32.Kg4 Qe7 33.Qf6 Qe8 34.Qd6 Be3 35.Kf3 Bxg5
36.Rh1 b6 37.Bc4 Rxe4 38.Bxf7+ Kxf7 39.Qd5+ Re6 40.Qxg5 Rf6+ 41.Kg3 Qe4 {#R}
0-1

[Event "Ch Manhattan Chess Club"]
[Site "masterchessopen.com – New York (USA)"]
[Round "11"]
[White "Bisguier Arthur B (USA)"]
[Black "Denker Arnold S (USA)"]
[Result "0-1"]
[WhiteElo "2237"]
[BlackElo "2293"]

1.e4 c5 2.Nf3 Nc6 3.d4 cxd4 4.Nxd4 Nf6 5.Nc3 d6 6.Bg5 e6 7.Qd2 Be7 8.O-O-O O-O
9.f4 a6 10.Kb1 Bd7 11.Be2 Nxd4 12.Qxd4 Bc6 13.Bf3 Qa5 14.Bh4 Rfd8 15.g4 Nxe4
16.Be1 Nd2+ 17.Rxd2 Bxf3 18.Rf1 Bf6 19.Qxf6 gxf6 20.Rxf3 d5 21.Bh4 Kg7 22.g5
d4 23.gxf6+ Kh8 24.Ne4 Qh5 25.Rh3 Qg4 26.Nf2 Qxf4 27.Rdd3 Rg8 28.a4 Rg1+
29.Ka2 Rc8 30.Rhg3 Qxh4 31.Rxg1 Qxf2 {#R} 0-1

[Event "It"]
[Site "masterchessopen.com – Zagreb (Croatia)"]
[Round "0"]
[White "Matanovic Aleksandar (SRB)"]
[Black "Geller Efim P (RUS)"]
[Result "1-0"]
[WhiteElo "2490"]
[BlackElo "2455"]

1.e4 c5 2.Nf3 Nc6 3.d4 cxd4 4.Nxd4 Nf6 5.Nc3 d6 6.Bg5 e6 7.Qd2 Be7 8.O-O-O O-O
9.f4 h6 10.Bh4 e5 11.Nf5 Bxf5 12.exf5 exf4 13.Kb1 Qb6 14.Qxf4 d5 15.Nxd5 Nxd5
16.Rxd5 Rad8 17.Bc4 Ba3 18.Rb5 Rd4 19.Qf1 Qc7 20.Bf2 Rfd8 21.bxa3 Rd1+ 22.Qxd1
Rxd1+ 23.Rxd1 Qf4 24.Bxf7+ Kxf7 25.Rxb7+ Ke8 26.Re1+ Kd8 27.Bg3 Qxf5 28.Rxg7
Qb5+ 29.Kc1 Qa4 30.Re3 Nd4 31.Rc7 Nf5 32.Rd3+ Ke8 33.Rb3 Ne7 34.Re3 Kf7
35.Rcxe7+ Kf6 36.R7e4 Qb5 37.Bh4+ Kf7 38.Re7+ Kf8 39.Rf3+ Kg8 40.Rd3 Qb6
41.Bf2 {#r} 1-0

[Event "Olympiad (sf)"]
[Site "masterchessopen.com – Moscow (Russia)"]
[Date "1956.09.04"]
[Round "4"]
[White "Schmid Lothar Maximilian Lorenz (GER)"]
[Black "Johannsson Ingi Randver (ISL)"]
[Result "0-1"]
[WhiteElo "2530"]
[BlackElo "2410"]

1.e4 c5 2.d4 cxd4 3.Nf3 Nc6 4.Nxd4 Nf6 5.Nc3 d6 6.Bg5 e6 7.Qd2 Be7 8.O-O-O O-O
9.f4 d5 10.e5 Nd7 11.Bxe7 Qxe7 12.g3 Nb6 13.h4 Bd7 14.Kb1 Rac8 15.Qe3 Na5
16.h5 Nac4 17.Bxc4 Nxc4 18.Qc1 Qb4 19.Rd3 Rc7 20.g4 b5 21.Re1 Qc5 22.f5 b4
23.Nd1 a5 24.f6 gxf6 25.exf6 Kh8 26.g5 e5 27.g6 fxg6 28.hxg6 Rxf6 29.Qg5 Rxg6
30.Qd8+ Kg7 31.Ne3 Nxe3 32.Rdxe3 e4 33.Rf1 Bg4 34.Rg3 Rf7 35.Rxf7+ Kxf7
36.Rxg4 Rxg4 37.Qd7+ Kf6 38.Qf5+ Ke7 39.Qe5+ Kf7 { Time! } {#R} 0-1

[Event "Olympiad (students) (team)"]
[Site "masterchessopen.com – Reykjavik (Iceland)"]
[Round "6"]
[White "Soderborg Berndt (SWE)"]
[Black "Olafsson Fridrik (ISL)"]
[Result "1-0"]
[WhiteElo "2096"]
[BlackElo "2434"]

1.e4 c5 2.Nf3 Nc6 3.d4 cxd4 4.Nxd4 Nf6 5.Nc3 d6 6.Bg5 e6 7.Qd2 Be7 8.O-O-O O-O
9.f4 d5 10.e5 Nd7 11.Bxe7 Qxe7 12.g4 Nb6 13.g5 Bd7 14.Rg1 Rac8 15.Rg3 Na5
16.Qf2 g6 17.Rh3 Kg7 18.Rdd3 Rh8 19.Rh6 Nac4 20.Rdh3 Rcg8 21.Rxh7+ Rxh7
22.Rxh7+ Kf8 23.a3 Be8 24.Qh4 Qc5 25.Nxe6+ {#r} 1-0

[Event "Olympiad"]
[Site "masterchessopen.com – Munich (Germany)"]
[Round "4"]
[White "Andersen Borge (DEN)"]
[Black "Palmason Gudmundur (ISL)"]
[Result "0-1"]
[WhiteElo "2385"]
[BlackElo "2270"]

1.e4 c5 2.Nf3 Nc6 3.d4 cxd4 4.Nxd4 Nf6 5.Nc3 d6 6.Bg5 e6 7.Qd2 Be7 8.O-O-O O-O
9.f4 h6 10.Bxf6 Bxf6 11.Ndb5 Qa5 12.Qxd6 a6 13.e5 Be7 14.Qd3 axb5 15.Qxb5 Bb4
16.Qxa5 Bxa5 {#R} 0-1

[Event "Olympiad"]
[Site "masterchessopen.com – Munich (Germany)"]
[Round "1"]
[White "Pomar Salamanca Arturo (ESP)"]
[Black "Panno Oscar (ARG)"]
[Result "0-1"]
[WhiteElo "2345"]
[BlackElo "2438"]

1.e4 c5 2.Nf3 Nc6 3.d4 cxd4 4.Nxd4 Nf6 5.Nc3 d6 6.Bg5 e6 7.Qd2 Be7 8.O-O-O O-O
9.f4 h6 10.Bxf6 Bxf6 11.Ndb5 Qa5 12.Nxd6 Rd8 13.e5 Nxe5 14.Nce4 Qxa2 15.c3 Nd7
16.Bc4 Qa5 17.Rhe1 Be7 18.g4 Nc5 19.Qe2 Nxe4 20.Nxe4 Bd7 21.Kb1 Bc6 22.h4 Bxh4
23.Rxd8+ Rxd8 24.Rh1 Be7 25.Rh5 Bxe4+ 26.Qxe4 Rd1+ 27.Kc2 Qa4+ 28.b3 Qa1 {#R}
0-1

[Event "Ch Yugoslavia"]
[Site "masterchessopen.com – Sarajevo (Bosnia & Herzegovina)"]
[Round "13"]
[White "Matanovic Aleksandar (SRB)"]
[Black "Sofrevski Jovan (MKD)"]
[Result "1-0"]
[WhiteElo "2490"]
[BlackElo "2375"]

1.e4 c5 2.Nf3 Nc6 3.d4 cxd4 4.Nxd4 Nf6 5.Nc3 d6 6.Bg5 e6 7.Qd2 Be7 8.O-O-O O-O
9.f4 h6 10.Bh4 a6 11.Nxc6 bxc6 12.e5 dxe5 13.fxe5 Nd7 14.Bxe7 Qxe7 15.Qe3 Rb8
16.Bd3 Qb4 17.b3 Nc5 18.Kb2 a5 19.a3 Qb6 20.Rhe1 Bd7 21.Ne4 Na4+ 22.Ka2 Rfd8
23.Qxb6 Nxb6 24.Nc5 Kf8 25.Be4 Be8 26.a4 Nd5 27.Kb2 Ke7 28.Rd2 Nb6 29.Rxd8
Kxd8 30.Kc3 Ke7 31.Rc1 Nd5+ 32.Kb2 f6 33.Re1 Bd7 34.c4 Nf4 35.g3 Nh3 36.exf6+
gxf6 37.Bxc6 Bc8 38.Bd5 e5 39.Kc3 Ng5 40.Nd3 Bf5 41.Nc5 Bc8 42.Rb1 Kd6 43.b4
e4 44.Nxe4+ Nxe4+ 45.Bxe4 Ke5 46.Bd5 {#r} 1-0

[Event "Ch World (team) (under 26) (final B)"]
[Site "masterchessopen.com – Varna (Bulgaria)"]
[Round "5"]
[White "Soderborg Berndt (SWE)"]
[Black "Filipowicz Andrzej (POL)"]
[Result "0-1"]
[WhiteElo "2096"]
[BlackElo "2330"]

1.e4 c5 2.Nf3 Nc6 3.d4 cxd4 4.Nxd4 Nf6 5.Nc3 d6 6.Bg5 e6 7.Qd2 Be7 8.O-O-O O-O
9.f4 e5 10.Nf3 Bg4 11.h3 Bxf3 12.gxf3 Nd4 13.Qg2 Rc8 14.Bd3 Qa5 15.Rhg1 Rxc3
16.Bh4 g6 17.Be1 Rxc2+ 18.Bxc2 Qxa2 19.Bc3 Rc8 20.Kd2 Rxc3 21.Kxc3 Qa5+ 22.Kd3
Nh5 23.Qd2 Nxf4+ 24.Ke3 Qc5 25.Qc3 Nxc2+ 26.Kd2 Qf2+ {#R} 0-1

[Event "It"]
[Site "masterchessopen.com – Dresden (Germany)"]
[Round "7"]
[White "Szabo Laszlo (HUN)"]
[Black "Padevsky Nikola (BUL)"]
[Result "0-1"]
[WhiteElo "1903"]
[BlackElo "2355"]

1.e4 c5 2.Nf3 d6 3.d4 cxd4 4.Nxd4 Nf6 5.Nc3 Nc6 6.Bg5 e6 7.Qd2 Be7 8.O-O-O O-O
9.f4 h6 10.Bxf6 Bxf6 11.Nxc6 bxc6 12.Qxd6 Qb6 13.e5 Rd8 14.Qa3 Qe3+ 15.Kb1
Rxd1+ 16.Nxd1 Qxa3 17.bxa3 Be7 18.c3 Bxa3 19.Bc4 Rb8+ 20.Kc2 c5 21.Re1 Bd7
22.g3 a5 23.Bb3 Bc6 24.f5 exf5 25.e6 Be4+ 26.Rxe4 fxe4 27.exf7+ Kf8 28.Kd2
Rd8+ 29.Kc2 c4 30.Bxc4 Bc5 31.Nb2 Ke7 32.g4 g5 33.h3 Ba7 34.a4 Bb6 35.Nd1 e3
36.Nb2 Rd2+ 37.Kc1 Bc5 {#R} 0-1

[Event "Ch Buenos Aires (1/2 final)"]
[Site "masterchessopen.com – Buenos Aires (Argentina)"]
[Round "0"]
[White "Bartis Gustavo (ARG)"]
[Black "Marcussi Bartolome (ARG)"]
[Result "1-0"]
[WhiteElo "2250"]
[BlackElo "2210"]

1.e4 c5 2.Nf3 Nc6 3.d4 cxd4 4.Nxd4 Nf6 5.Nc3 d6 6.Bg5 e6 7.Qd2 Be7 8.O-O-O O-O
9.f4 h6 10.Bxf6 Bxf6 11.Ndb5 Qa5 12.Nxd6 Rd8 13.Qe3 Nb4 14.Bc4 Qc7 15.e5 Be7
16.Bb3 Bxd6 17.exd6 Rxd6 18.Nb5 Rxd1+ 19.Rxd1 Qe7 20.Nd6 Nc6 21.f5 exf5
22.Qxe7 Nxe7 23.Nxf7 Kh7 24.Rd8 Kg6 25.Nd6 Kf6 26.Ne8+ Ke5 27.Nxg7 Rb8 28.Rh8
Nc6 29.Rxh6 Bd7 30.c3 Na5 31.Be6 Bc6 32.g3 Be4 33.Bxf5 Bxf5 34.Nxf5 Nc4 35.Nd4
Rf8 36.Re6+ Kd5 37.Re2 Ne5 38.Kc2 Rf1 39.h4 Ng4 40.Ne6 Rf3 41.Nf4+ Kd6 42.Rd2+
Ke5 {#r} 1-0

[Event "Olympiad"]
[Site "masterchessopen.com – Habana (Cuba)"]
[Round "0"]
[White "Tal Mikhail N (LAT)"]
[Black "Calvo Minguez Ricardo (ESP)"]
[Result "1-0"]
[WhiteElo "2520"]
[BlackElo "2315"]

1.e4 c5 2.Nf3 Nc6 3.d4 cxd4 4.Nxd4 Nf6 5.Nc3 d6 6.Bg5 e6 7.Qd2 Be7 8.O-O-O O-O
9.f4 e5 10.Nf5 Bxf5 11.exf5 Qa5 12.Kb1 Rad8 13.Bc4 h6 14.Bxf6 Bxf6 15.Nd5 Qxd2
16.Nxf6+ gxf6 17.Rxd2 exf4 18.Rf1 Rfe8 19.a3 Re5 20.Rxf4 Kf8 21.Bd5 Ke7 22.Ka2
h5 23.Bf3 Rh8 24.Rd3 Kd7 25.Bd5 Rg8 26.h4 Rg4 27.Rf2 Rxh4 28.Bxf7 Kc7 29.Rfd2
Rf4 30.Be6 d5 31.g3 Rf1 32.Rxd5 Rxd5 33.Rxd5 Rf3 34.Rd7+ Kb6 35.Rg7 a5 36.Rg6
Kc5 37.Rxf6 Rxg3 38.Rh6 Rg5 39.f6 Nd8 40.f7 {#r} 1-0

[Event "It"]
[Site "masterchessopen.com – Palma de Majorca (Spain)"]
[Round "4"]
[White "O'kelly De Galway Alberic (BEL)"]
[Black "Tal Mikhail N (LAT)"]
[Result "0-1"]
[WhiteElo "2460"]
[BlackElo "2520"]

1.e4 c5 2.Nf3 Nc6 3.d4 cxd4 4.Nxd4 Nf6 5.Nc3 d6 6.Bg5 e6 7.Qd2 Be7 8.O-O-O O-O
9.f4 d5 10.e5 Nd7 11.Bxe7 Qxe7 12.Nf3 Nb6 13.Qe1 Bd7 14.Bd3 f5 15.exf6 Qxf6
16.g3 h6 17.h4 Rae8 18.Rf1 Rc8 19.Kb1 Be8 20.g4 Bd7 21.Ng5 g6 22.Nf3 Qxf4
23.Bxg6 Nc4 24.g5 Ne3 25.Ne2 Qd6 26.gxh6 Nxf1 27.Qxf1 Kh8 28.Qg2 Rg8 29.Ng5
Qe7 30.Bd3 Rcf8 31.Ng3 Rf4 32.Re1 Rxh4 33.Nf3 Rhg4 {#R} 0-1

[Event "Zt"]
[Site "masterchessopen.com – Halle (Germany)"]
[Round "0"]
[White "Kuijpers Frans A (NED)"]
[Black "Minev Nikolay N (USA)"]
[Result "0-1"]
[WhiteElo "2280"]
[BlackElo "2370"]

1.e4 c5 2.Nf3 d6 3.d4 cxd4 4.Nxd4 Nf6 5.Nc3 Nc6 6.Bg5 e6 7.Qd2 Be7 8.O-O-O O-O
9.f4 d5 10.e5 Nd7 11.h4 Nb6 12.Qe3 Bd7 13.Bxe7 Qxe7 14.h5 Na5 15.Nb3 Nac4
16.Qd4 Rfc8 17.Kb1 a5 18.f5 a4 19.f6 Qf8 20.Rh3 Nxb2 21.Kxb2 Nc4+ 22.Bxc4 Rxc4
23.Qd2 axb3 24.cxb3 Rg4 25.Qf2 gxf6 26.exf6 Qa3+ 27.Kb1 Kh8 28.Rg3 Rag8
29.Rxg4 Rxg4 30.Qe2 Qb4 31.Rc1 Bc6 32.Qe5 Qf4 33.Qe2 d4 34.Rf1 Qg5 35.Nd1 Bb5
{#R} 0-1

[Event "It"]
[Site "masterchessopen.com – Maribor (Slovenia)"]
[Round "0"]
[White "Matanovic Aleksandar (SRB)"]
[Black "Minev Nikolay N (USA)"]
[Result "1-0"]
[WhiteElo "2490"]
[BlackElo "2370"]

1.e4 c5 2.Nf3 d6 3.d4 cxd4 4.Nxd4 Nf6 5.Nc3 Nc6 6.Bg5 e6 7.Qd2 Be7 8.O-O-O O-O
9.f4 d5 10.e5 Nd7 11.Bxe7 Qxe7 12.Nf3 Nb6 13.Qe1 Bd7 14.Bd3 f5 15.exf6 Qxf6
16.g3 Rae8 17.Qd2 e5 18.Nxe5 Nxe5 19.fxe5 Rxe5 20.Rhf1 Qe7 21.Rxf8+ Qxf8
22.Rf1 Qe7 23.Qf4 Re1+ 24.Rxe1 Qxe1+ 25.Nd1 Qe8 26.b3 Be6 27.Nc3 Bd7 28.a4 Bc6
29.Qf5 g6 30.Qg5 Qe1+ 31.Kb2 Kg7 32.Qf4 Qe6 33.a5 Nd7 34.Qd4+ Qe5 35.Qxa7 d4
36.Na2 Nc5 37.Nb4 Bb5 38.a6 Bxa6 39.Nxa6 Nxa6 40.Qxb7+ Nc7 41.Qe4 Qf6 42.b4
Ne6 43.Kb3 Nd8 44.Qf4 Qb6 45.Qe5+ Kh6 46.Qe7 {#r} 1-0

[Event "Olympiad Russia"]
[Site "masterchessopen.com – ?"]
[Round "0"]
[White "Kalinkin Boris (UKR)"]
[Black "Yakovlev Yuri S (RUS)"]
[Result "0-1"]
[WhiteElo "2208"]
[BlackElo "2029"]

1.e4 c5 2.Nf3 Nc6 3.d4 cxd4 4.Nxd4 Nf6 5.Nc3 d6 6.Bg5 e6 7.Qd2 Be7 8.O-O-O O-O
9.f4 d5 10.e5 Nd7 11.Nf3 Nb6 12.h4 f6 13.exf6 Bxf6 14.Qe1 Bd7 15.g3 Rc8 16.Kb1
h6 17.Bxf6 Qxf6 18.Bb5 a6 19.Bd3 Nb4 20.Ne5 Nxd3 21.cxd3 Be8 22.Qg1 Nd7 23.Re1
Nxe5 24.Rxe5 Qg6 25.Qe3 d4 26.Qxd4 Qxg3 27.Rg1 Rxf4 28.Ne4 Qg2 29.a3 Rf1+
30.Rxf1 Qxf1+ 31.Ka2 Bb5 32.Qd6 Rc6 33.Qb8+ Kh7 34.Nc5 Bxd3 35.Nxd3 Qxd3
36.Qxb7 Qc4+ 37.Qb3 Qxb3+ 38.Kxb3 Kg6 39.Kb4 Kf6 40.Rc5 Rxc5 41.Kxc5 Kf5 42.b4
g5 43.hxg5 hxg5 44.a4 g4 45.Kd4 e5+ 46.Ke3 Ke6 {#R} 0-1

[Event "It"]
[Site "masterchessopen.com – Bamberg (Germany)"]
[Round "0"]
[White "Unzicker Wolfgang (GER)"]
[Black "Szabo Laszlo (HUN)"]
[Result "1-0"]
[WhiteElo "2433"]
[BlackElo "1903"]

1.e4 c5 2.Nf3 d6 3.d4 cxd4 4.Nxd4 Nf6 5.Nc3 Nc6 6.Bg5 e6 7.Qd2 Be7 8.O-O-O O-O
9.f4 d5 10.e5 Nd7 11.Bxe7 Qxe7 12.g3 Nb6 13.Qe1 Bd7 14.Kb1 Rac8 15.Be2 Nxd4
16.Rxd4 Rc5 17.Rf1 Rfc8 18.Rf3 f5 19.exf6 gxf6 20.Re3 e5 21.fxe5 fxe5 22.Bb5
Rxb5 23.Rxe5 Qf6 24.Nxb5 Bxb5 25.b3 Bd7 26.Rf4 Qg6 27.Qd2 h6 28.a4 a5 29.Rf2
Be6 30.Qxa5 Nd7 31.Rxd5 Qe4 32.Rd3 Nf8 33.Qd2 Bf5 34.Rc3 Re8 35.Ka2 Qe5
36.Rcf3 Be4 37.Rf6 Nh7 38.Rxh6 b5 39.Ra6 Qc5 40.axb5 Qxb5 41.Ra5 Qb6 42.Ra4
Rd8 43.Qf4 Bc6 44.Qf7+ {#r} 1-0

[Event "It"]
[Site "masterchessopen.com – Palma de Majorca (Spain)"]
[Round "0"]
[White "Matanovic Aleksandar (SRB)"]
[Black "Diez Del Corral Jesus (ESP)"]
[Result "1-0"]
[WhiteElo "2490"]
[BlackElo "2415"]

1.e4 c5 2.Nf3 Nc6 3.d4 cxd4 4.Nxd4 Nf6 5.Nc3 d6 6.Bg5 e6 7.Qd2 Be7 8.O-O-O O-O
9.f4 e5 10.Nf5 Bxf5 11.exf5 Rc8 12.Kb1 Re8 13.Bd3 d5 14.fxe5 Nxe5 15.Bxf6 Bxf6
16.Bb5 Qb6 17.Qxd5 Nc6 18.Na4 Qc7 19.Qd7 Qe5 20.Bc4 b5 21.Bxf7+ Kh8 22.Nc3
Red8 23.Qe6 b4 24.Rxd8+ Rxd8 25.Qxc6 bxc3 26.Qxc3 Qxf5 27.Qf3 Qb5 28.Bb3 a5
29.a4 Qb4 30.Rd1 Rb8 31.Ka2 h6 32.h3 Qb6 33.Qf5 Qb4 34.Qe6 Qf4 35.Qd6 Qxd6
36.Rxd6 Kh7 37.Ra6 Bd8 38.c3 Bb6 39.Bc2+ Kg8 40.b4 Kf7 41.bxa5 Bg1 42.Bb3+ Ke7
43.Rg6 Ra8 44.Rxg7+ Kf6 45.Rf7+ Kg6 {#r} 1-0

[Event "Zt (play-off)"]
[Site "masterchessopen.com – Riga (Latvia)"]
[Round "0"]
[White "Vitolins Alvis (LAT)"]
[Black "Petkevich Jusefs (LAT)"]
[Result "1-0"]
[WhiteElo "2435"]
[BlackElo "2380"]

1.e4 c5 2.Nf3 Nc6 3.d4 cxd4 4.Nxd4 Nf6 5.Nc3 d6 6.Bg5 e6 7.Qd2 Be7 8.O-O-O O-O
9.f4 Qb6 10.Nxc6 bxc6 11.e5 dxe5 12.fxe5 Nd5 13.Nxd5 Bxg5 14.Nxb6 Bxd2+
15.Rxd2 axb6 16.a3 Ra5 17.Rd6 Rxe5 18.Rxc6 Rd8 19.Bd3 Bb7 20.Rxb6 Bxg2 21.Rg1
Bf3 22.Rf1 Bg2 23.Rf2 Bh1 24.b4 g5 25.a4 h5 26.a5 g4 27.a6 h4 28.a7 Re1+
29.Kd2 Ra1 30.Rb8 Rf8 31.Rf1 Rxf1 32.Bxf1 h3 33.Bxh3 gxh3 34.b5 {#r} 1-0

[Event "Ch \"]
[Site "masterchessopen.com – Sochi (Russia)"]
[Round "0"]
[White "Feldman Steven (USA)"]
[Black "Ivanov Igor V (CAN)"]
[Result "0-1"]
[WhiteElo "2241"]
[BlackElo "2424"]

1.e4 c5 2.Nf3 Nc6 3.d4 cxd4 4.Nxd4 Nf6 5.Nc3 d6 6.Bg5 e6 7.Qd2 Be7 8.O-O-O O-O
9.f4 d5 10.e5 Nd7 11.Bxe7 Qxe7 12.Kb1 Nb6 13.Ncb5 Bd7 14.Nd6 f6 15.Nxb7 fxe5
16.Nxc6 Bxc6 17.Na5 Rfc8 18.Ba6 Rc7 19.fxe5 Rb8 20.Rhf1 Ba4 21.b3 Be8 22.Ka1
Qa3 23.c4 Bg6 24.Rc1 d4 25.g4 Qc5 26.Rce1 d3 27.Rf4 Nd7 28.Qc3 Rb6 29.Bb7
Rbxb7 30.Nxb7 Rxb7 31.h4 h6 32.h5 Bh7 33.Rd4 Rxb3 34.Qxb3 Qxd4+ 35.Qb2 d2
36.Rd1 Qxe5 37.Qxe5 Nxe5 38.c5 Nf3 39.c6 Be4 40.c7 Bb7 41.Kb2 Kf7 {#R} 0-1

[Event "It"]
[Site "masterchessopen.com – Vrsac (Yugoslavia)"]
[Round "0"]
[White "Matanovic Aleksandar (SRB)"]
[Black "Paoli Enrico (ITA)"]
[Result "1-0"]
[WhiteElo "2490"]
[BlackElo "2300"]

1.e4 c5 2.Nf3 Nc6 3.d4 cxd4 4.Nxd4 Nf6 5.Nc3 d6 6.Bg5 e6 7.Qd2 Be7 8.O-O-O O-O
9.f4 h6 10.Bh4 e5 11.Nf5 Bxf5 12.exf5 Qa5 13.Kb1 Rad8 14.Bxf6 Bxf6 15.Nd5 Qxd2
16.Rxd2 exf4 17.Nxf6+ gxf6 18.Be2 Rfe8 19.Rf1 Re4 20.Bf3 Re5 21.Rfd1 Kf8 22.b3
Ke7 23.Rd5 a5 24.a3 b6 25.Kb2 Rd7 26.R5d2 Na7 27.Rd4 Nb5 28.Rxf4 d5 29.a4 Nc7
30.Rfd4 Rd8 31.g4 h5 32.h3 hxg4 33.hxg4 Kd6 34.c4 Kc5 35.cxd5 Kd6 36.Rc4 Nxd5
37.Rc2 Rd7 38.Rd3 b5 39.Bxd5 Rxd5 40.Rxd5+ Kxd5 {#r} 1-0

[Event "?"]
[Site "masterchessopen.com – Romania"]
[Round "0"]
[White "Szabo Janos (HUN)"]
[Black "Buza Adrian (ROM)"]
[Result "1-0"]
[WhiteElo "2124"]
[BlackElo "2241"]

1.e4 c5 2.Nf3 Nc6 3.d4 cxd4 4.Nxd4 Nf6 5.Nc3 d6 6.Bg5 e6 7.Qd2 Be7 8.O-O-O O-O
9.f4 h6 10.Bh4 d5 11.e5 Nd7 12.Bxe7 Qxe7 13.g3 Nb6 14.Nf3 Bd7 15.Kb1 Rfc8
16.Nb5 a6 17.Nd6 Rc7 18.c4 dxc4 19.Qf2 Na4 20.Bxc4 Na5 21.Bb3 Bb5 22.Rc1 Qd8
23.Bxa4 Bxa4 24.Rxc7 Qxc7 25.Rc1 Qd8 26.Qc5 Nc6 27.Ka1 Rb8 28.Nd2 Ne7 29.N2c4
Bc6 30.Nb6 Nd5 31.Nxd5 Bxd5 32.h4 b5 33.Qa7 Kh7 34.Rc7 Ra8 35.Qc5 f6 36.Qc2+
f5 37.Qc5 Rb8 38.Qa7 Qf8 39.Rf7 Qg8 40.Qe7 Ra8 41.b3 Rb8 42.b4 Ra8 43.Kb2 a5
44.bxa5 Rxa5 45.Rf8 Rxa2+ 46.Kb1 Qxf8 47.Qxf8 {#r} 1-0

[Event "Ch Czechoslovakia"]
[Site "masterchessopen.com – Luhacovice (Czech Republic)"]
[Round "12"]
[White "Liberzon Vladimir M (ISR)"]
[Black "Mititelu Gheorghe (ROM)"]
[Result "1-0"]
[WhiteElo "2540"]
[BlackElo "2400"]

1.e4 c5 2.Nf3 Nc6 3.d4 cxd4 4.Nxd4 Nf6 5.Nc3 d6 6.Bg5 e6 7.Qd2 Be7 8.O-O-O O-O
9.f4 h6 10.Bh4 e5 11.Nf5 Bxf5 12.exf5 Qa5 13.Kb1 Rad8 14.Bxf6 Bxf6 15.Nd5 Qxd2
16.Rxd2 exf4 17.Nxf6+ gxf6 18.Bd3 f3 19.gxf3 d5 20.Rhd1 Rfe8 21.c3 d4 22.cxd4
Rxd4 23.Be4 Rxd2 24.Rxd2 Rd8 25.Rxd8+ Nxd8 26.Kc2 Kf8 27.Kd3 Ke7 28.Ke3 Kd6
29.Kf4 Ke7 30.Kg4 Kf8 31.Kh5 Kg7 32.a4 a6 33.a5 Kh7 34.b4 Kg7 35.b5 {#r} 1-0

[Event "It"]
[Site "masterchessopen.com – Kecskemet (Hungary)"]
[Round "0"]
[White "Suetin Alexei S (RUS)"]
[Black "Paoli Enrico (ITA)"]
[Result "1-0"]
[WhiteElo "2550"]
[BlackElo "2300"]

1.e4 c5 2.Nf3 Nc6 3.d4 cxd4 4.Nxd4 Nf6 5.Nc3 d6 6.Bg5 e6 7.Qd2 Be7 8.O-O-O O-O
9.f4 h6 10.Bh4 e5 11.Nf5 Bxf5 12.exf5 Qa5 13.Kb1 Rad8 14.Bxf6 Bxf6 15.Nd5 Qxd2
16.Nxf6+ gxf6 17.Rxd2 Ne7 18.g4 Rd7 19.fxe5 fxe5 20.Bg2 Rfd8 21.Rhd1 Kg7 22.a4
Kf6 23.h4 d5 24.c4 d4 25.Be4 Nc6 26.Rg2 Nb4 27.g5+ hxg5 28.hxg5+ Ke7 29.g6
fxg6 30.fxg6 Kf8 31.Rh2 Rg7 32.Rf1+ Ke7 33.Rh7 Rg8 34.Rf7+ Rxf7 35.Rxf7+ Kd6
36.g7 d3 37.Kc1 Ke6 38.Rxb7 Na2+ 39.Kd2 Kf6 40.c5 Rxg7 41.Rxg7 Kxg7 42.c6 {#r}
1-0

[Event "Zt"]
[Site "masterchessopen.com – Sao Paulo (Brazil)"]
[Round "4"]
[White "Mecking Henrique (BRA)"]
[Black "Chemin Vitorio (BRA)"]
[Result "1-0"]
[WhiteElo "2570"]
[BlackElo "2191"]

1.e4 c5 2.Nf3 Nc6 3.d4 cxd4 4.Nxd4 Nf6 5.Nc3 d6 6.Bg5 e6 7.Qd2 Be7 8.O-O-O O-O
9.f4 a6 10.Nb3 b5 11.Bxf6 gxf6 12.Bd3 b4 13.Ne2 a5 14.Kb1 a4 15.Nbc1 Qb6
16.Rhf1 b3 17.cxb3 a3 18.Rf3 axb2 19.Kxb2 Nb4 20.f5 Kh8 21.Nc3 Rg8 22.Kb1 Bb7
23.Rg3 Rxg3 24.hxg3 Rg8 25.Bc4 d5 26.exd5 exd5 27.Bxd5 Rd8 28.Qe2 Qc5 29.Bxb7
Qxc3 30.Rxd8+ Bxd8 31.a3 Bc7 32.Qc4 Qxg3 33.axb4 Kg7 34.Bf3 Qe5 35.Qe4 Bd6
36.Qxe5 fxe5 37.b5 Kf6 38.g4 Kg5 39.Nd3 Bb8 40.b6 e4 41.Bxe4 Kxg4 42.Nc5 Kf4
43.Nd7 Bd6 44.Bd5 Kxf5 45.Bxf7 {#r} 1-0

[Event "It (open)"]
[Site "masterchessopen.com – Buenos Aires (Argentina)"]
[Round "0"]
[White "Poch Caesar G (ARG)"]
[Black "Grinberg Ricardo (ARG)"]
[Result "0-1"]
[WhiteElo "2334"]
[BlackElo "2360"]

1.e4 c5 2.Nf3 Nc6 3.d4 cxd4 4.Nxd4 Nf6 5.Nc3 d6 6.Bg5 e6 7.Qd2 Be7 8.O-O-O O-O
9.f4 d5 10.e5 Nd7 11.Bxe7 Qxe7 12.Bb5 Nb6 13.Rhe1 Bd7 14.Bf1 a6 15.Kb1 Rac8
16.Nb3 Rfd8 17.f5 Nc4 18.Qf4 Qb4 19.Bxc4 b5 20.f6 bxc4 21.a3 Qf8 22.fxg7 Qxg7
23.Re3 Kh8 24.Nd4 Ne7 25.Rf1 Rf8 26.h4 Ng6 27.Qg5 h6 28.Qg3 f6 29.exf6 Rxf6
30.Rxf6 Qxf6 31.Rf3 Qxd4 32.Qxg6 Qg7 33.Qh5 Be8 34.Rf8+ Qxf8 35.Qe5+ Qg7
36.Qxe6 Rd8 37.Qb6 Rd7 38.Qb8 Qf7 39.g4 Re7 40.Qd6 Qe6 41.Qd8 Kg7 42.g5 hxg5
43.Nxd5 Rd7 44.Qxg5+ Bg6 45.Nf4 Qf5 46.Qg2 Qxc2+ 47.Qxc2 Rd1+ {#R} 0-1

[Event "It"]
[Site "masterchessopen.com – Hospitalet de Llobregat (Spain)"]
[Date "1973.10.29"]
[Round "7"]
[White "Collado Galarza Josep (ESP)"]
[Black "Pomar Salamanca Arturo (ESP)"]
[Result "0-1"]
[WhiteElo "1947"]
[BlackElo "2435"]

1.e4 c5 2.Nf3 d6 3.d4 Nf6 4.Nc3 cxd4 5.Nxd4 Nc6 6.Bg5 e6 7.Qd2 Be7 8.O-O-O O-O
9.f4 h6 10.Bxf6 Bxf6 11.Ndb5 Qb6 12.Na4 Qd8 13.Nxd6 e5 14.g3 Bg4 15.Re1 Nd4
16.Nb5 Qe8 17.Nxd4 Qxa4 18.Nb3 exf4 19.Kb1 fxg3 20.Qf4 Be6 21.Qxg3 Rfd8 22.Rg1
g6 23.Bd3 Bxb3 24.axb3 Qd4 25.e5 Bh4 26.Qg2 Bxe1 27.e6 Bh4 28.exf7+ Kf8
29.Qxg6 Bf6 30.Qg8+ Ke7 31.Re1+ Be5 32.f8=Q+ Rxf8 33.Qg7+ Kd6 {#R} 0-1